| 000 | 00384nam a2200181Ia 4500 | ||
|---|---|---|---|
| 001 | 12760 | ||
| 003 | GE_BSU | ||
| 008 | 181216s||||||||xx |||||||||||||| ||und|| | ||
| 040 | _cGE_BSU | ||
| 080 | _a821.111-32 | ||
| 100 | _aHarris, Robert | ||
| 245 | _aPompeii | ||
| 260 | _aLondon | ||
| 260 | _bthe readers digest books | ||
| 300 | _a538p.20cm. | ||
| 653 | _aPompeii | ||
| 942 | _cBK | ||
| 999 |
_c45931 _d45931 |
||